000 02334nam a22002417a 4500
003 GR-AtMCL
005 20251230103626.0
006 a|||||r|||||||||||
008 s2016||||gr a g ||| gre d
020 _a9789609427562
040 _bgre
_aGR-AtMCL
_dGR-AtMCL
_eAACR2
041 1 _heng
100 1 _aOatis, Carol A.
_99616
245 0 0 _aΚινησιολογία Ι - ΙΙ :
_bη μηχανική και παθομηχανική της ανθρώπινης κίνησης /
_cCarol Α. Oatis ; επιμέλεια για την ελληνική έκδοση Ιωάννης Θ. Σταθόπουλος
250 _a3η έκδ.
260 _a[Πάτρα] :
_bΕκδόσεις Gotsis,
_c2016
300 _a811 σ. :
_bεικ. ;
_c29 εκ.
500 _aΤίτλος πρωτοτύπου: Kinesiology : the mechanics and pathomechanics of human movement
520 _aΗ Κινησιολογία αποτελεί την επιστήμη που ασχολείται με τη μελέτη της κίνησης του ανθρωπίνου σώματος η οποία βασίζεται στους νόμους της εμβιομηχανικής. Ως δυναμική επιστήμη εξελίσσεται διαρκώς, ενώ σύγχρονα ερευνητικά δεδομένα έρχονται στην επιφάνεια για να υποστηρίξουν, να εμπλουτίσουν, ή να καταρρίψουν πεποιθήσεις και πρακτικές που εφαρμόζονται για δεκαετίες. Η πολυποίκιλη χρηστικότητα της Κινησιολογίας, από όλους τους επαγγελματικούς χώρους των επιστημών που ασχολούνται με την αποκατάσταση (ιατροί, φυσικοθεραπευτές, εργοθεραπευτές, σχεδιαστές ορθωτικών κ.λπ.) ή τη βελτιστοποίηση (επιστήμονες φυσικής αγωγής, χορευτές, ηθοποιοί κ.λπ.) της ανθρώπινης κίνησης, έχει οδηγήσει στην πολυδιάστατη προσέγγιση των αρχών και των εφαρμογών της.
650 0 _aΑθλητισμός
_99989
942 _cBK
999 _c10008
_d10008